000 00333nam a22001577a 4500
003 SGT
020 _a978-81-317-2140-7
082 _a532
_bDOU
100 _aDOUGLAS,JOHN.F
245 _aFLUID MECHANICS
250 _a5TH
260 _aNOIDA(U.P)
_bPEARSON
_c2009
300 _a958
650 _aCIVIL ENGINEERING
942 _2ddc
_cBK
999 _c14360
_d14360